Az önkormányzat kialakítása a napközi otthonban

Elmentve itt :
Bibliográfiai részletek
Szerző: Dulgyovai Lászlóné
Dokumentumtípus: Cikk
Megjelent: 1986
Sorozat:Módszertani közlemények 26 No. 1
Kulcsszavak:Neveléstudomány
Online Access:http://acta.bibl.u-szeged.hu/27302
LEADER 00634nab a2200181 i 4500
001 acta27302
005 20210223140243.0
008 161017s1986 hu o 0|| hun d
022 |a 1219-0039 
040 |a SZTE Egyetemi Kiadványok Repozitórium  |b hun 
041 |a hun 
100 1 |a Dulgyovai Lászlóné 
245 1 3 |a Az önkormányzat kialakítása a napközi otthonban  |h [elektronikus dokumentum] /  |c  Dulgyovai Lászlóné 
260 |c 1986 
300 |a 44-46 
490 0 |a Módszertani közlemények  |v 26 No. 1 
695 |a Neveléstudomány 
856 4 0 |u http://acta.bibl.u-szeged.hu/27302/1/modszertani_026_001_044-046.pdf  |z Dokumentum-elérés